Population aging, intergenerational transfers and the macroeconomy (Registro nro. 582)

Detalles MARC
000 -LEADER
fixed length control field 01747 a2200253 4500
001 - CONTROL NUMBER
control field 14568
005 - DATE AND TIME OF LATEST TRANSACTION
control field 20260407155447.0
008 - FIXED-LENGTH DATA ELEMENTS--GENERAL INFORMATION
fixed length control field 260407a2007 arg spa d
003 - CONTROL NUMBER IDENTIFIER
control field AR-UNSa-BCEJYS
040 ## - CATALOGING SOURCE
Original cataloging agency AR-UNSa-BCEJYS
Language of cataloging spa
Transcribing agency AR-UNSa-BCEJYS
080 ## - UNIVERSAL DECIMAL CLASSIFICATION NUMBER
Universal Decimal Classification number 314.17
Common auxiliary subdivision Factores de los fenómenos demográficos y sus efectos en el desarrollo social y económico
020 ## - INTERNATIONAL STANDARD BOOK NUMBER
International Standard Book Number 978-1-84720-099-0
041 ## - LANGUAGE CODE
Language code of text/sound track or separate title spa
100 1# - MAIN ENTRY--PERSONAL NAME
Personal name Clark, Robert
245 10 - TITLE STATEMENT
Title Population aging, intergenerational transfers and the macroeconomy
264 #1 - PRODUCTION, PUBLICATION, DISTRIBUTION, MANUFACTURE, AND COPYRIGHT NOTICE
Place of production, publication, distribution, manufacture Cheltenham :
Name of producer, publisher, distributor, manufacturer Edward Elgar
Date of production, publication, distribution, manufacture, or copyright notice 2007
300 ## - PHYSICAL DESCRIPTION
Extent x, 307 p.
Dimensions 24 cm.
505 ## - FORMATTED CONTENTS NOTE
Formatted contents note 1. Economic and policy implications of population aging - 2. Population aging, changing retirement policies and lifetime earnings profiles in Japan - 3. Firm productivity, work-force age and educational structure in Austrian industries in 2001 - 4. The effect of subjective survival probabilities on retirement and wealth in the United States - 5. Modeling the effects of population aging on consumption in the presence of intergenerational transfers - 6. Transfers, capital and consumption over the demographic transition - 7. Effects of age structure on investment, saving and trade - 8. Population aging and health care spending in Japan: public and private-sector responses - 9. Procreation, migration and tradable quotas - 10. Australia´s future fund: a social welfare analysis - 11. Is Asia prepared for an aging population?
590 ## - LOCAL NOTE (RLIN)
Local note niveau_biblio:m niveau_hierar:0
700 1# - ADDED ENTRY--PERSONAL NAME
Personal name Ogawa, Naohiro
700 1# - ADDED ENTRY--PERSONAL NAME
Personal name Mason, Andrew
856 41 - ELECTRONIC LOCATION AND ACCESS
Uniform Resource Identifier <a href="https://biblioeco.unsa.edu.ar/pmb/images/libros/Population aging, intergenerational transfers and the macroeconomy2-l118959.jpg">https://biblioeco.unsa.edu.ar/pmb/images/libros/Population aging, intergenerational transfers and the macroeconomy2-l118959.jpg</a>
Link text Imagen de portada
Electronic format type image/jpeg
942 ## - ADDED ENTRY ELEMENTS (KOHA)
Koha item type
Existencias
Withdrawn status Lost status Damaged status Not for loan Home library Current library Shelving location Date acquired Total checkouts Full call number Barcode Date last seen Price effective from Koha item type
        Biblioteca Prof. Eusebio Cleto del Rey Biblioteca Prof. Eusebio Cleto del Rey   07/04/2026   314.17 C592 L118959 07/04/2026 07/04/2026 Libro